Statistiques concernant Cinq pays Covid-19 les plus élevés par continent

Cliquez ici pour prendre le quiz!

Statistiques générales

  • Ce quiz a été pris 73 fois
  • Le résultat moyen est 22 sur 29

Statistiques - réponses

continentpays% Correct
Europe / OcéanieFrance
98%
Amérique du NordEtats-Unis
97%
AsieChine
95%
Amérique du NordCanada
93%
EuropeItalie
93%
EuropeEspagne
91%
EuropeRoyaume-Uni
91%
Amérique du SudBrésil
90%
EuropeRussie
90%
OcéanieAustralie
88%
AsieInde
88%
Amérique du NordMexique
88%
OcéanieNouvelle-Zélande
84%
AfriqueAfrique du Sud
81%
Amérique du SudChili
81%
AfriqueAlgérie
78%
Amérique du SudPérou
78%
AfriqueÉgypte
76%
Amérique du SudColombie
74%
Amérique du SudEquateur
71%
AsieIran
71%
AsieTurquie
60%
OcéanieFidji
59%
AsieArabie Saoudite
55%
AfriqueNigeria
53%
Amérique du NordPanama
50%
OcéaniePapouasie-
Nouvelle-Guinée
47%
Amérique du NordRépublique
dominicaine
45%
AfriqueGhana
24%

Distribution des résultats

Percentile par nombre de réponses

% des personnes avec chaque résultat

Votre développement - résultats

Vous n’avez pas pris ce quiz